Strukturální a technologické charakteristiky české ekonomiky
Hodnotenie vybraných štrukturálnych a technologických charakteristík tranzitívnych ekonomík na vstup do Európskej únie. Teoretické východiská. Ekonomická úroveň a produktivita tranzitívnych ekonomík.
Salvato in:
| Autore principale: | |
|---|---|
| Natura: | Capitolo di libro |
| Lingua: | ceco |
| Soggetti: | |
| Tags: |
Nessun Tag, puoi essere il primo ad aggiungerne!!
|
MARC
| LEADER | 00000naa a2200000 4500 | ||
|---|---|---|---|
| 001 | r046007 | ||
| 005 | 20231002112545.0 | ||
| 041 | 0 | |a cze | |
| 044 | |a CZ | ||
| 245 | 1 | 0 | |a Strukturální a technologické charakteristiky české ekonomiky |c Anna Kadeřábková |
| 520 | |a Hodnotenie vybraných štrukturálnych a technologických charakteristík tranzitívnych ekonomík na vstup do Európskej únie. Teoretické východiská. Ekonomická úroveň a produktivita tranzitívnych ekonomík. | ||
| 610 | 2 | 0 | |a situácia hospodárska |
| 610 | 2 | 0 | |a SVE |
| 610 | 2 | 0 | |a Európska únia |
| 610 | 2 | 0 | |a reformy hospodárske |
| 610 | 2 | 0 | |a ukazovatele ekonomické |
| 610 | 2 | 0 | |a ukazovatele makroekonomické |
| 610 | 2 | 0 | |a ukazovatele produktivity práce |
| 610 | 2 | 0 | |a ukazovatele technicko-ekonomické |
| 610 | 2 | 0 | |a Česko |
| 100 | 1 | |a Kadeřábková, Anna | |